La nueva pedagogía : (Record no. 17323)

000 -CABECERA
fixed length control field 00979nam a22002657a 4500
003 - IDENTIFICADOR DEL NÚMERO DE CONTROL
control field AR-CdUCM
008 - DATOS DE LONGITUD FIJA--INFORMACIÓN GENERAL
fixed length control field 190508b ||||| |||| 00| 0 spa d
040 ## - FUENTE DE LA CATALOGACIÓN
Agencia/entidad que catalogó originalmente la obra MUNICIPALIDAD PROVINCIAL DEL CUSCO
Entidad que transcribió la catalogación BIBLIOTECA MUNICIPAL DEL CUSCO
082 ## - NÚMERO DE LA CLASIFICACIÓN DECIMAL DEWEY
No. de Clasificación 373 /
Notacion interna AN61
100 ## - ENTRADA PRINCIPAL--NOMBRE DE PERSONA
Nombre Personal Ansay-Terwagne, H.
245 ## - MENCIÓN DE TÍTULO
Título La nueva pedagogía :
Resto del título teoría y práctica /
260 ## - PUBLICACIÓN, DISTRIBUCIÓN, ETC.
Lugar de publicación, distribución, etc. Buenos Aires :
Nombre de la editorial, distribuidor, etc. Kapelusz,
Fecha de publicación, distribución, etc. 1947.
300 ## - DESCRIPCIÓN FÍSICA
Nº de Páginas Extensión XVIII, 258 páginas ;
Otros detalles físicos tablas,
Dimensiones 20 cm.
440 ## - MENCIÓN DE SERIE/PUNTO DE ACCESO ADICIONAL--TÍTULO
Título Biblioteca de Cultura Pedagógica.
9 (RLIN) 37272
505 ## - NOTA DE CONTENIDO CON FORMATO
Nota de contenido formateada Contenido: Teoría -- La escuela tradicional La escuela nueva -- Paralelo -- Función del maestro -- El niño y el programa -- El medio ...
650 ## - PUNTO DE ACCESO ADICIONAL DE MATERIA--TÉRMINO DE MATERIA
Descriptor Educación
9 (RLIN) 460
650 ## - PUNTO DE ACCESO ADICIONAL DE MATERIA--TÉRMINO DE MATERIA
Descriptor Metodología
9 (RLIN) 2264
650 ## - PUNTO DE ACCESO ADICIONAL DE MATERIA--TÉRMINO DE MATERIA
Descriptor Enseñanza
9 (RLIN) 1616
700 ## - PUNTO DE ACCESO ADICIONAL--NOMBRE DE PERSONA
Nombre Personal Zarrilli, Humberto
9 (RLIN) 37273
700 ## - PUNTO DE ACCESO ADICIONAL--NOMBRE DE PERSONA
Nombre Personal Nathan, Fernad (traducción)
9 (RLIN) 37274
700 ## - PUNTO DE ACCESO ADICIONAL--NOMBRE DE PERSONA
Nombre Personal Velut, J. (coautor)
9 (RLIN) 37275
942 ## - ELEMENTOS DE PUNTO DE ACCESO ADICIONAL (KOHA)
Fuente de clasificación
Tipo de item Libros-BMC
945 ## - PROCESAMIENTO DE INFORMACIÓN LOCAL (OCLC)
Catalogador achl
AAAA-MM-DD - Fecha de ingreso o modificacion 2019-05-08
Holdings
Estado de retiro (separado) Fuente de clasificación o esquema de estanterías Estado dañado Ubicación Sala donde se ubica Nombre de la colección Fecha de adquisición o compra Costo, precio normal en soles Signatura topográfica Código de Barras Última vez visto (Koha) Tipo de ítem (Koha)
No     Sala Humanidades Sala Humanidades Book Cart 2019-05-08 40.00 373 / AN61 SH0000012379 2019-05-08 Libros-BMC

Powered by Koha